Statistics for Attack on Titan - 9 Titans

Click here to take the quiz!

General Stats

  • This quiz has been taken 191 times
  • The average score is 8 of 9

Answer Stats

Known HostsAnswer% Correct
Annie LeonhartFemale Titan
99%
Eren Jaeger, Grisha Jaeger, Eren KruegerAttack Titan
97%
Armin Arlert, Bertholdt HooverColossal Titan
96%
Ymir, Porco Galliard, Falco Grice, Marcel GalliardJaw Titan
95%
Mr Ksaver, Zeke JaegerBeast Titan
93%
Pieck FingerCart Titan
89%
Eren Jaeger, Ymir Fritz, Uri Reiss, Frieda ReissFounding Titan
89%
Lara Tybur, Eren JaegerWarhammer Titan
86%
Reiner BraunArmoured Titan
68%

Score Distribution

Percentile by Number Answered

Percent of People with Each Score

Your Score History

You have not taken this quiz